|
|
|
|
| LEADER |
01747nam a2200421 a 4500 |
| 001 |
EBC807426 |
| 003 |
MiAaPQ |
| 005 |
20200520144314.0 |
| 006 |
m o d | |
| 007 |
cr cn||||||||| |
| 008 |
111206s2011 enka sb 000 0 eng d |
| 020 |
|
|
|z 9781780521121
|
| 020 |
|
|
|a 9781780521138 (electronic bk.)
|
| 035 |
|
|
|a (MiAaPQ)EBC807426
|
| 035 |
|
|
|a (Au-PeEL)EBL807426
|
| 035 |
|
|
|a (CaPaEBR)ebr10512342
|
| 035 |
|
|
|a (OCoLC)762190864
|
| 040 |
|
|
|a MiAaPQ
|c MiAaPQ
|d MiAaPQ
|
| 050 |
|
4 |
|a HD62.4
|b .R65 2011
|
| 245 |
0 |
4 |
|a The role of expatriates in MNCs knowledge mobilization
|h [electronic resource] /
|c edited by Stefania Mariano, Mirghani Mohamed, Qadir Mohiuddin ; series editor, Pervez N. Ghauri.
|
| 250 |
|
|
|a 1st ed.
|
| 260 |
|
|
|a Bingley [England] :
|b Emerald Insight,
|c 2011.
|
| 300 |
|
|
|a xv, 247 p. :
|b ill. (some col.).
|
| 490 |
1 |
|
|a International business and management,
|x 1876-066X ;
|v v. 27
|
| 504 |
|
|
|a Includes bibliographical references.
|
| 505 |
0 |
|
|a pt. 1. Aspects of knowledge mobilisation and transfer -- pt. 2. Mobilising and transferring expatriate knowledge.
|
| 533 |
|
|
|a Electronic reproduction. Ann Arbor, MI : ProQuest, 2015. Available via World Wide Web. Access may be limited to ProQuest affiliated libraries.
|
| 650 |
|
0 |
|a International business enterprises.
|
| 650 |
|
0 |
|a Aliens.
|
| 650 |
|
0 |
|a Information organization.
|
| 655 |
|
4 |
|a Electronic books.
|
| 700 |
1 |
|
|a Mohamed, Mirghani.
|
| 700 |
1 |
|
|a Mariano, Stefania.
|
| 700 |
1 |
|
|a Mohiuddin, Qadir.
|
| 700 |
1 |
|
|a Ghauri, Pervez N.,
|d 1948-
|
| 710 |
2 |
|
|a ProQuest (Firm)
|
| 830 |
|
0 |
|a International business and management series ;
|v v. 27.
|
| 856 |
4 |
0 |
|u https://ebookcentral.proquest.com/lib/matrademy/detail.action?docID=807426
|z Click to View
|